Silhouettes of a Treasured Heritage (Record no. 4935)

MARC details
000 -LEADER
fixed length control field 00539nam a22002057a 4500
003 - CONTROL NUMBER IDENTIFIER
control field OSt
005 - DATE AND TIME OF LATEST TRANSACTION
control field 20250623124336.0
008 - FIXED-LENGTH DATA ELEMENTS--GENERAL INFORMATION
fixed length control field 241209b |||||||| |||| 00| 0 eng d
020 ## - INTERNATIONAL STANDARD BOOK NUMBER
International Standard Book Number 9781904213338
041 ## - LANGUAGE CODE
Language code of text/sound track or separate title English
082 ## - DEWEY DECIMAL CLASSIFICATION NUMBER
Classification number 823 OS Acc No.10,563
100 ## - MAIN ENTRY--PERSONAL NAME
Personal name STELLLA, Ify Osammor
245 ## - TITLE STATEMENT
Title Silhouettes of a Treasured Heritage
260 ## - PUBLICATION, DISTRIBUTION, ETC.
Place of publication, distribution, etc. Manchester:
Name of publisher, distributor, etc. Delta Maria Pubs. House,
Date of publication, distribution, etc. 2019.
300 ## - PHYSICAL DESCRIPTION
Extent 239p.:
500 ## - GENERAL NOTE
General note Epilogue, Acknowledgement, Foreword
650 ## - SUBJECT ADDED ENTRY--TOPICAL TERM
Source of heading or term Novel
653 ## - INDEX TERM--UNCONTROLLED
Uncontrolled term Novel
942 ## - ADDED ENTRY ELEMENTS (KOHA)
Source of classification or shelving scheme Dewey Decimal Classification
Koha item type Books
Suppress in OPAC No
Holdings
Withdrawn status Lost status Source of classification or shelving scheme Damaged status Not for loan Home library Current library Shelving location Date acquired Total checkouts Full call number Date last seen Copy number Price effective from Koha item type
    Dewey Decimal Classification     Main Library Main Library Open Shelves 09/12/2024   823-OS Acc No.10,563 C1 09/12/2024 1 09/12/2024 Books
    Dewey Decimal Classification     Main Library Main Library Open Shelves 09/12/2024   823-OS Acc No.10,562 C2 09/12/2024 2 09/12/2024 Books
    Dewey Decimal Classification     Main Library Main Library Open Shelves 09/12/2024   823-OS Acc No.10,561 C3 09/12/2024 3 09/12/2024 Books
    Dewey Decimal Classification     Main Library Main Library Open Shelves 09/12/2024   823-OS Acc No.10,560 C4 09/12/2024 4 09/12/2024 Books
©2026  Parliament of Ghana Library - All rights reserved